00399nam a2200157Ia 4500008004100000020001500041082001700056100001400073245004800087250000800135260002900143300001200172500002500184650001500209700001700224230524s9999 xx 000 0 und d a812190871X a628.382bMEH aV.K.Mehta 0a"Basic Electrical Engineering, Revised Ed." a5TH aNEW DELHIbS.Chandc2009 aVII;903 aQuantity Number: 40 aElectrical a Rohit Mehta